000
00289nam a22001337a 4500
020
_a
81-7224-784-2
041
_a
ENG
100
_a
Cheremisinof .N.P
245
_a
Heat Transfer handbook
260
_a
Mumbai
_b
Jaico Pub
_c
1999
300
_a
240
650
_a
APE
856
_u
APE ( 10 )
999
_c
1787
_d
1787